20 Countries With The Best Tap Water - Statistics

General Stats
  • This quiz has been taken 45 times
  • The average score is 17 of 20
Answer Stats
Score Answer % Correct
100 Norway
98%
93 Belgium
95%
100 Finland
95%
98,6 Germany
95%
97,8 Italy
95%
94,8 Spain
95%
97,9 Sweden
95%
100 Netherlands
93%
100 Switzerland
93%
100 Austria
90%
95,8 Denmark
90%
100 Ireland
90%
93,8 France
88%
91,8 Japan
88%
100 United Kingdom
88%
100 Iceland
85%
97,8 Luxembourg
85%
100 Greece
83%
93,8 Israel
51%
100 Malta
46%
No matching quizzes found
Score Distribution
Percent of People with Each Score
Percentile by Number Answered
Your Score History
You have not taken this quiz